00510nam a2200205Ia 4500003000400000005001700004008004100021020001400062040000700076041000800083082001900091100003800110245004400148250000600192260004900198300001200247365001300259650001400272650001800286OSt20230329153138.0210423s2006 xx 000 0 und d a761934936 cAL aeng a305.40954 JOSA aJOSEPH (Ammu);SHARMA (Kalpana),Ed aWhose news: the media and womens issues a2 aNew DelhibSahitya Bhawan Publicationsc2006 a406bPB b420cINR aSociology aWomen Studies